000 00579nam a22002057a 4500
003 UA-OsUOA
001 44815
007 ta
008 20070314b un ||||| |||| 00| 0 ukr d
090 _a94(477)
_bД-11
942 _cSA
040 _aUA-OsUOA
_bukr
_cUA-OsUOA
_dUA-OsUOA
245 _aДекларація принципів і статут Української Гельсінської Спілки
300 _aС.1-2
955 _a0
041 _aukr
080 _a94(477)
773 0 _w44814
650 7 _a9 Географія. Біографії. Історія
_2UDC
999 _c330936
_d330936